Normal view
MARC view
- BEITMAN, M. N
Entry Personal Name
001 - CONTROL NUMBER
- control field: 80455
003 - CONTROL NUMBER IDENTIFIER
- control field: NUST
005 - DATE AND TIME OF LATEST TRANSACTION
- control field: 20210628210653.0
008 - FIXED-LENGTH DATA ELEMENTS
- fixed length control field: 210628|| aca||aabn | a|a d
040 ## - CATALOGING SOURCE
- Original cataloging agency: NUST
- Transcribing agency: NUST
100 ## - HEADING--PERSONAL NAME
- Personal name: BEITMAN, M. N
670 ## - SOURCE DATA FOUND
- Source citation: Work cat.: (NUST): BEITMAN, M. N, RADIO SERVICING COURSE BOOK, 1962
